| 000 | 01037nam a2200313 c 4500 | ||
|---|---|---|---|
| 999 |
_c56849 _d56849 |
||
| 003 | BLK | ||
| 005 | 20221011094116.0 | ||
| 008 | 180408b bul|||||r ||||||| ||bul|| | ||
| 010 | _aKNG00060835000 | ||
| 040 | _aBLK | ||
| 041 |
_aBUL _cBUL |
||
| 080 |
_aСемкови плодови растения - Ябълка, круша, дюля, мушмула и др. _b634.10 _z634.10 |
||
| 100 | 1 |
_aИлиев, Иван _9364404 |
|
| 139 |
_aИлиев, Иван и др. _bИ 52 |
||
| 245 | 1 | 0 |
_aЯбълка _bМоногр. _cИван Илиев; Симеон Пенев. |
| 257 | _aBGR | ||
| 260 |
_aПловдив _bХристо Г. Данов _c1973 |
||
| 300 |
_a176 с. _c20 см |
||
| 380 | _a63 | ||
| 500 | _aБиблиогр. с. 169-172. | ||
| 650 | 4 |
_aЯбълки _9178022 |
|
| 653 | _aябълки | ||
| 700 | 1 |
_aПенев, Симеон _eсъавт. _9287151 |
|
| 852 | _aЦб 69444 | ||
| 856 | 4 | _qpdf | |
| 856 | 4 | _qpdf | |
| 942 |
_cKNG _n0 _s1 |
||
| 944 |
_aCR _c13.06.2004 _kЧиталня |
||
| 944 |
_aED _c19.08.2015 |
||
| 944 |
_aED _c2022-08-10 _kХристина Везирева |
||
| 999 | _d56849 | ||